| 000 | 00863cam a22002897a 4500 | ||
|---|---|---|---|
| 003 | CHAP | ||
| 005 | 20220329142613.0 | ||
| 008 | 010926d2000 mx r 00110 spa d | ||
| 010 | _a85565 | ||
| 011 | _a86537 | ||
| 020 | _a0 7134 6982 X | ||
| 035 | _a97075 | ||
| 040 | _cCHAP | ||
| 082 | 0 | 4 |
_a635.93362 _bG5 |
| 100 | 0 | 0 |
_aGelderen, D. M. van _947417 |
| 245 | 1 | 0 |
_aRhododendrons _c/by D.M. van Gelderen and J.R.P. van Hoey Smith |
| 260 |
_aLondon : _bB.T. Batsford, _c1992. |
||
| 300 |
_a424 p. : _bilus. |
||
| 590 |
_aBATCH-UPD _b10 _c20130110 _lUCH01 _h2024 |
||
| 590 |
_aCONVERSION _b10 _c20130109 _lUCH01 _h1347 |
||
| 650 | 1 | 4 |
_aRhododendron. _997161 |
| 700 | 0 | 0 |
_aHoey Smith, J. R. P. van _955778 |
| 901 | _aBK | ||
| 905 | _aAlejandra Carrasco M. | ||
| 942 | _cLIBRO | ||
| 949 |
_a635.93362 G5 _bBC _cC _d33724000862389 _eC _h102307 _i97075 _kI.c/e _sb _t$450.00 |
||
| 999 |
_c85565 _d85565 |
||